00563nam a2200193Ia 4500001001000000003000500010008004100015010001100056020002400067040000900091082002000100100002100120245007800141260003000219300001100249500004400260650003100304700003400335Para_2410CHAP220125s1989 xx 000 0 und d a200944 a968 - 13 - 0463 - 2 cCHAP aPA 001.642 G67y aGordon, Geoffrey aSimulación de sistemas /c Geoffrey Gordon ; tr. Sergio Fenández E. aMéxico, D.F. :b Diana a344 p. aTradución original: System Simulation aComputadoras Simulación aI. Fenández E., Sergio, tr.